[Event "Hyderabad U1500 op 3rd"]
[Site "Hyderabad"]
[Date "2018.12.10"]
[Round "9.1"]
[White "Nagasri, Saikanth"]
[Black "Karyasheel, P."]
[Result "1/2-1/2"]
[WhiteElo "1386"]
[BlackElo "1484"]
[PlyCount "22"]
[EventDate "2018.12.08"]
[EventType "swiss"]
[EventRounds "9"]
[EventCountry "IND"]
[SourceTitle "EXT 2024"]
[Source "ChessBase"]
[SourceDate "2023.10.10"]
[SourceVersion "1"]
[SourceVersionDate "2023.10.10"]
[SourceQuality "1"]

1. d4 Nf6 2. Bf4 e6 3. e3 c5 4. c3 b6 5. Bd3 Bb7 6. Nf3 Be7 7. Nbd2 d6 8. Qe2 Nbd7 9. e4 cxd4 10. cxd4 0-0 11. 0-0 h6 1/2-1/2

[Event "Hyderabad U1500 op 3rd"]
[Site "Hyderabad"]
[Date "2018.12.09"]
[Round "5.1"]
[White "Mano, Ranjith J"]
[Black "Karyasheel, P."]
[Result "0-1"]
[WhiteElo "1395"]
[BlackElo "1484"]
[PlyCount "56"]
[EventDate "2018.12.08"]
[EventType "swiss"]
[EventRounds "9"]
[EventCountry "IND"]
[SourceTitle "EXT 2024"]
[Source "ChessBase"]
[SourceDate "2023.10.10"]
[SourceVersion "1"]
[SourceVersionDate "2023.10.10"]
[SourceQuality "1"]

1. d4 Nf6 2. c4 e6 3. Nf3 Bb4+ 4. Bd2 Qe7 5. g3 Bxd2+ 6. Nbxd2 d6 7. Bg2 0-0 8. 0-0 a5 9. Qc2 e5 10. e3 Na6 11. a3 Re8 12. d5 Bd7 13. b3 Nc5 14. b4 axb4 15. axb4 Ba4 16. Qb1 Ncd7 17. b5 Nc5 18. Ne1 e4 19. Qb4 Qe5 20. Rb1 Qh5 21. h3 Bd1 22. g4 Bxg4 23. hxg4 Nxg4 24. Nef3 exf3 25. Nxf3 Nd3 26. Qb3 Nde5 27. Rfd1 Nxf3+ 28. Kf1 Ngh2+ 0-1